Countries with 5 letters - Statistics

General Stats
  • This quiz has been taken 92 times
  • The average score is 22 of 26
Answer Stats
Continent Country % Correct
Africa D.R. {Congo}
96%
Africa Republic of the {Congo}
96%
South America Chile
93%
Oceania Palau
89%
Africa Ghana
88%
North America Haiti
86%
Europe Italy
86%
Asia Japan
86%
Oceania Nauru
86%
Oceania Tonga
86%
Asia Qatar
85%
Oceania Samoa
85%
Africa Benin
84%
Asia China
84%
Africa Egypt
84%
Europe Malta
82%
Europe Spain
82%
Asia Yemen
82%
Africa Libya
80%
Africa Kenya
78%
Asia Nepal
78%
Africa Niger
78%
Africa Sudan
78%
Asia India
77%
Africa Gabon
76%
Asia Syria
73%
No matching quizzes found
Score Distribution
Percent of People with Each Score
Percentile by Number Answered
Your Score History
You have not taken this quiz